La importancia de la perspectiva de género como garantía de un correcto encuadre legal del caso / (Registro nro. 6221)
[ vista simple ]
| 000 -LEADER | |
|---|---|
| fixed length control field | 01227nab a22002297a 4500 |
| 003 - CONTROL NUMBER IDENTIFIER | |
| control field | OSt |
| 005 - DATE AND TIME OF LATEST TRANSACTION | |
| control field | 20260126011031.0 |
| 008 - FIXED-LENGTH DATA ELEMENTS--GENERAL INFORMATION | |
| fixed length control field | 190514b xxu||||| |||| 00| 0 spa d |
| 040 ## - CATALOGING SOURCE | |
| Transcribing agency | PJ |
| 100 ## - MAIN ENTRY--PERSONAL NAME | |
| 9 (RLIN) | 6943 |
| Personal name | Vieites, María Soledad |
| 245 13 - TITLE STATEMENT | |
| Title | La importancia de la perspectiva de género como garantía de un correcto encuadre legal del caso / |
| Statement of responsibility, etc | María Soledad Vieites. |
| 300 ## - PHYSICAL DESCRIPTION | |
| Extent | p. 154-160 |
| 500 ## - GENERAL NOTE | |
| General note | Cita: TR LALEY AR/DOC/2120/2024. |
| 505 ## - FORMATTED CONTENTS NOTE | |
| Formatted contents note | Sumario: I. Palabras preliminares.— II. Hechos.— III. Breve marco teórico.— IV. Análisis del caso.— V. Perspectiva de género. Análisis. Aplicación al caso.— VI. Conclusión. |
| 505 ## - FORMATTED CONTENTS NOTE | |
| Title | Fallo comentado: CCiv. y Com., Salta, sala I ~ 07/12/2022 ~ S., M. c. S., A. R.; M., T. s/ violencia de género.<br/><br/> |
| 505 ## - FORMATTED CONTENTS NOTE | |
| Title | Fallo comentado: CJ Salta ~ 04/03/2024 ~ S., M. c. S., A. R.; M., T. s/ recurso de inconstitucionalidad. |
| 650 #0 - SUBJECT ADDED ENTRY--TOPICAL TERM | |
| 9 (RLIN) | 967 |
| Topical term or geographic name as entry element | DERECHO DE FAMILIA |
| 650 #0 - SUBJECT ADDED ENTRY--TOPICAL TERM | |
| 9 (RLIN) | 4044 |
| Topical term or geographic name as entry element | PERSPECTIVA DE GÉNERO |
| 650 #0 - SUBJECT ADDED ENTRY--TOPICAL TERM | |
| 9 (RLIN) | 1057 |
| Topical term or geographic name as entry element | JURISPRUDENCIA APLICABLE |
| 773 0# - HOST ITEM ENTRY | |
| Host Biblionumber | 2844 |
| Host Itemnumber | 3222 |
| Place, publisher, and date of publication | Buenos Aires : AbeledoPerrot, 1989- |
| Title | Derecho de familia. Revista Interdisciplinaria de doctrina y jurisprudencia. Octubre 2024-V. |
| International Standard Book Number | 18511201 |
| 942 ## - ADDED ENTRY ELEMENTS (KOHA) | |
| Source of classification or shelving scheme | |
| Koha item type | Analítica Artículo de Revista |
No hay ítems disponibles.
